Statistics for Animals that are black

Click here to take the quiz!

General Stats

  • This quiz has been taken 145 times
  • The average score is 10 of 20

Answer Stats

HintAnswer% Correct
Melanistic leopard or jaguar.Black panther
95%
Allegedly brings bad luck.Black cat
83%
Bugs's companion Daffy is what animal?American black duck
74%
Idiom for a bad member of the family.Black sheep
74%
Extremely deadly African snake.Black mamba
73%
Venomous arthropod that ate her husband.Black widow
73%
Large African mammal; nearly extinct now thanks to stupid folk medicine.Black rhinoceros
61%
Often blamed for spreading deadly epidemics in the Middle Ages.Black rat
57%
Omnivore; usually smaller than its brown- or white-furred cousins.Black bear
50%
This animal, the former's closest relative, is much more uniformly dark.Chimpanzee
50%
Odin had two of them.Raven
44%
Avian named for its color; sings well.Blackbird
39%
Noisy critter; lives on an Australian island.Tasmanian devil
34%
Large South American crocodilian.Black caiman
26%
Majestic waterbird; was a cultural motif even before the actual species was known.Black swan
26%
Large American bird of prey.Condor
26%
Pack animal of the Himalayas.Yak
24%
This large African mammal is called the "black death", as it kills hundreds each year.Cape buffalo
22%
The African subset of this primate species is often generalized as having black skin.Human
21%
This waterbird can be trained for use in fishing; forms huge colonies.Cormorant
14%

Score Distribution

Percentile by Number Answered

Percent of People with Each Score

Your Score History

You have not taken this quiz